000 00932nam a2200253 a 4500
001 BRCA_3
005 20190320202834.0
008 020805s1988----mx-a---###---#000-0#spa-d
020 _a9688371815
050 4 _aZ5949
_b.B34
_c1988
100 1 _aBáez Macías, Eduardo
_910
245 1 0 _aLibros y grabados en el fondo de origen de la Biblioteca Nacional
_cEduardo Báez Macías, Jorge Guerra Ruiz y Judith Puente León.
260 _aMéxico
_bUNAM
_c1988
300 _a40 p.
_bil.
_c23 cm.
440 0 _aCuadernos de historia del arte
_v33
_911
500 _aIncluye 58 láminas de grabados y 30 láminas de marcas de impresor
500 _aIncluye índice de impresores y grabadores
650 1 4 _aGrabados
_vCatálogos
_zMéxico
_912
650 1 4 _aGrabados
_vBibliografía
_zMéxico
_913
653 0 _aColección Biblioteca Nacional de México
700 1 _aGuerra Ruiz, Jorge
_914
700 1 _aPuente León, Judith
_915
942 _2lcc
_cB
999 _c3
_d3